000 01667nam a2200361 c 4500
003 BLK
005 20180422112931.0
008 180410b bul|||||r ||||||| ||bul||
010 _aKNG00155806000
040 _aBLK
041 _aBUL
_cBUL
080 _aДруги игри. Викторини, гатанки, поговорки, кръстословици и др.
_b793.7
_x
_z793.7
080 _aИздания за деца и юноши. Книжки-картинки. Читанки. Вж и 372.4
_b087.5
_x
_z087.5
100 1 _aЦветанова, Боряна
_eпърви автор
_9330547
700 1 _aЦенов, Димитър Асенов
_eстиховете написа
_9380449
700 1 _aМирчев, Огнян
_eхудож.
_9380378
139 _aЦветанова, Боряна
_bЦ 30
245 1 0 _aДа играем с букви
_bКн.-играчка : Ч. 1 - 2
_cБоряна Цветанова; стиховете написа Димитър Асенов Ценов; худож. Огнян Мирчев.
_nЧ. 1
_pА - О
257 _aBGR
260 София
_bОтечество
_c1983
300 _c16Х24 см
380 _aDN
490 1 _aПоредица Сръчния Ежко
500 _a60 115 тир.
650 4 _aДетски игри
_9241574
653 _aкниги-игри
760 1 _aЦветанова, Боряна
_d1983
_h64 с. : с цв. ил.
_tЧ. 1 А - О
852 _aЦб І 35380
856 4 _qpdf
_u
856 4 _qpdf
_u
942 _cKNG
_n0
944 _aCR
_c20.01.2014
_l20.01.2014 - от С1,Р / 20.01.2014
_kМитко_Георгиев
944 _aED
_c20.10.2015
_l20.01.2014 - от С1,Р / 20.01.2014
_kКети_Илиева
999 _c149539
_d149539